000 03243cam a22004694i 4500
003 PE-LiUPU
005 20250731184601.0
008 150706s r 000 0 d
035 _a(Sirsi) a52119
040 _aPE-LiUPU
_bspa
_cPE-LiUPU
_erda
049 _aPRUA
082 0 4 _a985.28
_bV77
_221
100 1 _aVivas Povis, Juan Antonio,
_eautor.
245 1 0 _aMatucana en la historia /
_cJuan Antonio Vivas Povis.
264 1 _aMatucana :
_b[s.n.],
_c[20--?].
300 _a198 páginas :
_bilustraciones ;
_c21 cm.
336 _atext
_2rdacontent
337 _aunmediated
_2rdamedia
338 _avolume
_2rdacarrier
504 _aIncluye bibliografía.
505 0 _aMatucana pre-hispánica -- Matucana en el coloniaje-fundación de Matucana -- Conspiración de indios en Lima -- Matucana en la emancipación -- Matucana en la república -- Matucana en la guerra con Chile -- Mariscal Andrés Avelino Cáceres -- Doña Antonia Moreno de Cáceres en Matucana -- Liberato Flores: héroe de Surco -- Monumento a Grau en Matucana -- Don Ricardo Bentín Sánchez -- Don Mateo Vera: el león de la quebrada -- Imagen de Matucana antigua en la visión de ilustres viajeros -- Apuntes históricos -- Benefactores de la provincia de Huarochirí -- Matucana moderna-principales gestores -- Meritoria condecoración recibida -- Villa Matucana, elevada a ciudad -- Perfil geográfico sus comunidades -- Personajes populares de Matucana -- La colonia china en Matucana -- Recursos naturales producción -- Aspecto general edificios públicos y particulares -- Obras realizadas por la gestión de la alcaldesa: Rosa Vásquez Cuadrado -- Instituciones con sede en Matucana -- Obras del gobierno regional en Matucana -- Vías de comunicación -- Electrificación -- Fundación del club social deportivo Rímac -- Aspecto deportivo -- Hazaña deportiva del club atlético minero de Cusapalca [i.e. Casapalca] -- Aspecto educativo -- El sabio Julio César Tello -- Expresiones culturales -- Inspiraciones: literatura-musical -- Matucana turística -- Desastres en Matucana: 1958 1959 -- Doctor Javier Ortiz de Zevallos. -El fenómeno del niño en Matucana 1981 - 1982 -- Solidaridad y gratitud -- Rvdo. Padre Ignacio Hernández Valero -- Visita de las imágenes de Jesucristo y Virgen de Guadalupe -- Retorno a Matucana recuerdo de un pasado -- Recuerdos de un ayer -- San Juan Bautista: Patrón de MATUCANA -- Leyendas de Matucana.
526 _aP136
526 _aP135
526 _aP134
526 _aP133
526 _aP144
526 _aP143
526 _aP87
526 _aP35
526 _aP20
526 _aP14
526 _aP10
526 _aP06
651 _aMatucana, Lima (Perú : Distrito)
_xHistoria.
910 _cjck
942 _2ddc
_cBOOK
949 _a985.28 V77
_wDEWEY
_c1
_i66561
_lCCODEBUL1
_mBUL
_p00.00
_r0
_sY
_tLIBRO
_u2015-07-06
_xBIBLIOTECA
_zUNKNOWN
_o.STAFF. Colección General
994 _aC0
_bPEPRU
596 _a1
999 _a985.28 V77
_wDEWEY
_c54716
_i66561
_f2021-11-8
_g4
_lCCODEBUL1
_mBUL
_r0
_sY
_tBOOK
_u2015-7-6
_xBIBLIOTECA
_zUNKNOWN
_0COMPRA
_o.STAFF. Colección General
_d54716
980 _81
_gALBERTO SANCHEZ Responsable de Automatización